| 000 | 00657cam a22002651 4500 | ||
|---|---|---|---|
| 001 | sa 66003327 | ||
| 003 | DLC | ||
| 005 | 20260227112235.0 | ||
| 008 | 890714s1964 ii c 000 0 orio | ||
| 010 | _asa 66003327 | ||
| 035 | _a(OCoLC)20010068 | ||
| 040 |
_aDLC _cWaU _dDLC |
||
| 042 | _apremarc | ||
| 050 | 0 | 0 |
_aPK2576 _b.R68 |
| 100 | 1 | _aRoutroy, Nalini Debi. | |
| 245 | 1 | 0 | _aĀgneẏa śapatha. |
| 260 | _c[1964] | ||
| 300 |
_a3, 5, 128 p. _bports. _c22 cm. |
||
| 500 | _aIn Oriya. | ||
| 500 | _aPoems. | ||
| 650 | 0 | _aWar in literature. | |
| 650 | 0 | _aOriya poetry. | |
| 700 | 1 | _aNaik, Gajendra Kumar. | |
| 700 | 1 | _aDhaḷa, Rameśa Candra. | |
| 999 |
_c68812 _d68812 |
||